|
|
|
|
| LEADER |
00000cam a2200000 4500 |
| 001 |
vtls012127021 |
| 003 |
SK-MaSNL |
| 005 |
20260301231058.0 |
| 008 |
220315s2021 xo kaolfrp 000 0 slo |
| 015 |
|
|
|a SNBA2022/03
|
| 020 |
|
|
|a 9788082290168
|q (brožované)
|
| 040 |
|
|
|a SNK
|b slo
|c SNK
|e rda
|
| 041 |
0 |
|
|a slo
|
| 044 |
|
|
|a xo
|c SK
|
| 072 |
|
7 |
|a 618
|x Gynekológia. Pôrodníctvo
|2 konspekt
|
| 080 |
|
|
|a 618.1
|2 2011
|
| 080 |
|
|
|a (075)
|2 2011
|
| 100 |
1 |
|
|a Rusňák, Igor,
|d 1957-
|4 aut
|4 edt
|9 622755
|
| 245 |
1 |
0 |
|a Gynekológia
|b učebné texty pre medikov
|c Igor Rusňák a kolektív
|
| 250 |
|
|
|a Prvé vydanie
|
| 264 |
|
1 |
|a Bratislava
|b Herba
|c 2021
|
| 300 |
|
|
|a 152 strán
|b fotografie, ilustrácie, schémy, tabuľky
|c 26 cm
|
| 336 |
|
|
|a text
|b txt
|2 rdacontent
|
| 337 |
|
|
|a bez média
|b n
|2 rdamedia
|
| 338 |
|
|
|a zväzok
|b nc
|2 rdacarrier
|
| 650 |
0 |
7 |
|a gynekológia
|2 SNKPH
|9 2474
|
| 650 |
0 |
7 |
|a Gynecology
|2 SNKPHeng
|9 268159
|
| 655 |
|
7 |
|a učebné texty
|2 SNKPH
|9 70568
|
| 655 |
|
7 |
|a Educational texts
|2 SNKPHeng
|9 277375
|
| 700 |
1 |
|
|a Bořucká, Lucia
|4 aut
|9 622756
|
| 700 |
1 |
|
|a Dedinská, Eva
|4 aut
|9 209072
|
| 700 |
1 |
|
|a Gerincová, Katarína
|4 aut
|9 622757
|
| 700 |
1 |
|
|a Habánová, Hana
|4 aut
|9 622758
|
| 700 |
1 |
|
|a Harbuľáková, Michala
|4 aut
|9 622759
|
| 700 |
1 |
|
|a Harbulák, Peter
|4 aut
|9 622760
|
| 700 |
1 |
|
|a Limbergová, Linda
|4 aut
|9 622761
|
| 700 |
1 |
|
|a Procházka, Roman
|4 aut
|9 494978
|
| 700 |
1 |
|
|a Provazníková, Zuzana
|4 aut
|9 622762
|
| 700 |
1 |
|
|a Redecha, Mikuláš,
|d 1981-
|4 aut
|9 204797
|
| 700 |
1 |
|
|a Turkota, Ľubomír
|4 aut
|9 622763
|
| 700 |
1 |
|
|a Redecha, Martin,
|d 1953-
|4 rev
|9 72730
|
| 700 |
1 |
|
|a Vidiščák, Marian,
|d 1960-
|4 rev
|9 119327
|
| 919 |
|
|
|a 978-80-8229-016-8
|
| 958 |
|
|
|a MI
|
| 999 |
|
|
|c 957039
|d 958969
|
| 952 |
|
|
|a SNK
|b SNK
|y PREZ
|7 0
|p 17A1471952
|o snkSB 97852
|i snk2022/3949
|8 0
|0 0
|1 0
|4 0
|d 2022-03-15
|f 1
|l 0
|r 2025-05-16 00:00:00
|w 2026-02-24
|
| 952 |
|
|
|a SNK
|b SNK
|y VYP
|7 0
|p 17A1471953
|o snkSB 97852 D1
|i snk2022/3950
|8 0
|0 0
|1 0
|4 0
|d 2022-03-15
|l 0
|r 2026-02-24 10:07:24
|w 2026-02-24
|